Statistiques concernant Vainqueurs du Ballon d'Or depuis 2000

Cliquez ici pour prendre le quiz!

Statistiques générales

  • Ce quiz a été pris 650 fois
  • Le résultat moyen est 13 sur 23

Statistiques - réponses

HintRéponse% Correct
2021Lionel Messi
81%
2023Lionel Messi
79%
2022Karim Benzema
76%
2016Cristiano Ronaldo
72%
2011Lionel Messi
72%
2019Lionel Messi
72%
2018Luka Modric
72%
2017Cristiano Ronaldo
71%
2010Lionel Messi
69%
2012Lionel Messi
69%
2015Lionel Messi
59%
2013Cristiano Ronaldo
57%
2008Cristiano Ronaldo
56%
2014Cristiano Ronaldo
56%
2009Lionel Messi
56%
2007Kaka
54%
2006Fabio Cannavaro
49%
2005Ronaldinho
39%
2003Pavel Nedved
37%
2002Ronaldo Nazario
37%
2004Andreï Chevtchenko
31%
2001Michael Owen
31%
2000Luis Figo
27%

Distribution des résultats

Percentile par nombre de réponses

% des personnes avec chaque résultat

Votre développement - résultats

Vous n’avez pas pris ce quiz